| 000 | 01074cam a2200265 i 4500 | ||
|---|---|---|---|
| 005 | 20200104041534.0 | ||
| 008 | 010731s2001 enka b 001 0 eng | ||
| 020 | _a0851995691 | ||
| 040 |
_aDLC _cDLC _dCO-BoIAVH |
||
| 041 | 0 | _aeng | |
| 082 | 0 | 4 |
_a363.78 _bI62i |
| 245 | 0 | 0 |
_aInvasive alien species : _ba toolkit of best prevention and management practices / _cedited by Rüdiger Wittenberg and Matthew J.W. Cock ; Global Invasive Species Programme (GISP). |
| 260 |
_aWallingford, Oxon, UK ; _bCABI Pub, _cc2001. |
||
| 300 |
_axii, 228 páginas : _bilustraciones ; _c30 cm. |
||
| 504 | _aIncluye referencias bibliográficas e índice. | ||
| 650 | 1 | 4 |
_aPlagas naturalizadas _xControl. |
| 650 | 2 | 4 | _aEspecies invasoras |
| 650 | 2 | 4 |
_aPlagas _xControl. |
| 650 | 2 | 4 | _aPolítica ambiental |
| 700 | 1 | _aWittenberg, Rüdiger | |
| 700 | 1 | _aCock, Matthew J. W. | |
| 710 | 2 | _aGlobal Invasive Species Programme. | |
| 856 | 4 | 1 |
_3Tabla de contenido _uhttp://www.loc.gov/catdir/enhancements/fy0612/2001043255-t.html |
| 942 |
_2ddc _cLIBRO |
||
| 999 |
_c2602 _d2602 |
||